Img̀enes contemporǹeas de la realizacin̤ de los derechos en la cultura jurd̕ica iberoamericana

Bibliographic Details
Main Author: Miraut Martn̕, Laura
Format: eBook
Language:Spanish
Published: Madrid: Dykinson, 2018
Subjects:
Online Access:Acceso restringido

MARC

LEADER 00000nam a22000007a 4500
005 20190829012952.0
007 cr|||| ||||
008 190829s2018 es |||||s|||| 00||0 spa d
020 |a 978-84-1324-152-4 
035 |a 24151 
040 |a vLex 
090 |c 9320  |d 9320 
100 1 |a Miraut Martn̕, Laura 
245 1 0 |a Img̀enes contemporǹeas de la realizacin̤ de los derechos en la cultura jurd̕ica iberoamericana  |h [Recurso electrn̤ico] /  |c Laura Miraut Martn̕ 
256 |a Servicio en ln̕ea 
260 |a Madrid:  |b Dykinson,  |c 2018 
300 |a 1 recurso electrn̤ico 
500 |a La obra colectiva Img̀enes contemporǹeas de la realizacin̤ de los derechos en la cultura jurd̕ica iberoamericana recoge aportaciones relevantes de un variado elenco de profesores e investigadores de diferentes Universidades iberoamericanas que contribuyen a ofrecer una visin̤ panorm̀ica de los problemas que suscita la realizacin̤ de los derechos y el modo de entenderlos y afrontarlos. Es este un tema un tanto descuidado por la teora̕ de los derechos, tradicionalmente inclinada a poner mayor ňfasis en el tema del reconocimiento de los derechos y de la habilitacin̤ de mecanismos de garanta̕ que, sin embargo, no siempre resultan idn̤eos a la obtencin̤ del objetivo propuesto. La pluralidad de enfoques y de estrategias de actuacin̤ asumidas es representativa de las distintas sensibilidades coincidentes en un marco ter̤ico jurd̕ico que se pretende arraigado y estable. 
506 1 |a Disponible solo en los productos indicados  |d vLex Global  |d vLex Global (Academic Edition, excluding Law Schools)  |d vLex Global (U.S. Academic Edition, Law Schools)  |d vLex Global (U.S. Academic Edition, excluding Law Schools)  |d vLex Global (Academic Edition, Law Schools) 
650 0 4 |a Derecho Constitucional  |z Espaą 
650 0 4 |a Derecho Militar  |z Espaą 
740 0 |a vLex Libros (Servicio en ln̕ea) 
856 4 0 |u http://vlex.com/source/imagenes-contemporaneas-de-la-realizacion-de-los-derechos-en-la-cultura-juridica-iberoamericana-24151  |z Acceso restringido 
942 |c BOOK